| 000 | 00810cam a22002531 4500 | ||
|---|---|---|---|
| 001 | gs 64000047 | ||
| 003 | DLC | ||
| 005 | 20260227111413.0 | ||
| 008 | 720321s1963 xx 000 0 eng | ||
| 010 | _ags 64000047 | ||
| 035 | _a(OCoLC)268261 | ||
| 040 |
_aDLC _cOAkU _dDLC |
||
| 050 | 0 | 0 |
_aQE185 _b.A2 no. 324 |
| 051 |
_aQE187 _b.T5 |
||
| 100 | 1 | _aTipper, H. W. | |
| 245 | 1 | 0 | _aNechako River map-area, British Columbia. |
| 260 |
_a[Ottawa] _bDept. of Mines and Technical Surveys _c[1963] |
||
| 300 |
_axii, 59 p. _billus., maps (2 fold. col., in pocket) tables. |
||
| 410 | 2 | 0 |
_aGeological Survey of Canada. _tMemoir _v324 |
| 500 | _aAbstract also in French. | ||
| 504 | _aBibliography: p. 57-59. | ||
| 650 | 0 |
_aGeology _zBritish Columbia _zNechako River. |
|
| 650 | 0 |
_aGeology _zBritish Columbia _xMaps. |
|
| 999 |
_c29784 _d29784 |
||